Catalogue Masterpieces of Art: fine arts pavilion. April 21 to September 4, 1962
Gorde:
| Formatua: | Liburua |
|---|---|
| Hizkuntza: | ingelesa |
| Argitaratua: |
Seattle
Seattle World's Fair
1962
|
| Gaiak: | |
| Etiketak: |
Etiketa erantsi
Etiketarik gabe, Izan zaitez lehena erregistro honi etiketa jartzen!
|
MARC
| LEADER | 00000cam a2200000 a 4500 | ||
|---|---|---|---|
| 001 | UCF8990 | ||
| 003 | CL-VaPUC | ||
| 008 | 131018e19620000us |||||||||||||||||eng|d | ||
| 082 | 0 | 4 | |a 707.4 |b CAT |2 21 |
| 245 | 1 | 0 | |a Catalogue Masterpieces of Art: fine arts pavilion. April 21 to September 4, 1962 |
| 300 | |a 164 p | ||
| 942 | |c BK | ||
| 945 | |d 20131018 14:00:00 |a dcastane | ||
| 260 | |a Seattle |b Seattle World's Fair |c 1962 | ||
| 650 | 0 | |a Exposiciones |9 265884 | |
| 650 | 0 | |a Pinturas |9 347968 | |
| 650 | 7 | |a EXHIBICIONES |2 CL-VaPUC |9 553649 | |
| 650 | 7 | |a GALERIAS DE ARTE |2 CL-VaPUC |9 571140 | |
| 583 | |a last modification |c 20131018 14:00:00 |k Rodrigo Vera | ||
| 999 | |c 353487 |d 353485 | ||
| 952 | |0 0 |1 0 |3 erb |4 0 |6 707_400000000000000_CAT_1962 |7 0 |8 A |9 458744 |a BIBART |b BIBART |d 2019-11-23 |i 5011043 |o 707.4 CAT 1962 |p 5011043 |r 2025-03-13 |w 2019-11-23 |y BK |z Catalogado en:20131018 |k ART | ||